Responses for Show #7125 - Friday, July 31, 2015

Last game of Season 31.
Alex Trebek's audio was re-recorded when his voice recovered.

Contestants

[<< previous game]

Mags Doss, a physician from Atlanta, Georgia

Tara Anderson, a public radio reporter from Louisville, Kentucky

Andy King, a high school principal originally from Chatham Center, New York (whose 1-day cash winnings total $20,200)

[next game >>]

Jeopardy! Round responses

A PICTURE IS WORTH...
4-LETTER VERBS
GIVE ME A RING
THE FILMS OF STANLEY TUCCI
2nd PERSON, ACTIVE
THE OLD SOD
    $200 16
(Andy: What is the Columbia River?)

Puget Sound

AndyMags
    $200 6
sire

Andy
    $200 11
Elizabeth Taylor

Tara
    $200 1
Captain America

Mags
    $200 21
Eleanor Roosevelt

Mags
    $200 26
counties

Tara
    $400 17
bats in the belfry

Mags
    $400 7
fret

Tara
    $400 12
The Hobbit

Tara
    $400 2
The Hunger Games

Tara
    $400 22
Nelson Mandela

Andy
    $400 27
the prime minister

Andy
    $600 18
Butch Cassidy and the Sundance Kid

Mags
    $600 8
roar

Mags
    $600 13
the curtain

Tara
    $600 3
Julie & Julia

Tara
    $600 23
Annie Oakley

Mags
    $600 28
peace

Tara
    $800 19
Thomas Alva Edison

Mags
    $800 9
wane

Tara
    $800 14
Oscar de la Hoya

Triple Stumper
    $800 4
The Devil Wears Prada

Andy
    $800 24
George Patton

Triple Stumper
    $800 29
(Alex: My family used to buy tickets in [*] every year.)

the Irish Sweepstakes

Triple Stumper
    $1000 20
Tower Bridge

Mags
    $1000 10
list

Tara
    $1000 15
(Mags: What is Neptune?)
(Tara: What is Pluto?)
...
(Alex: What is the biggest of them all, [*]. Remember, Pluto is no longer considered a planet.)

Jupiter

TaraMags
Triple Stumper
    $1000 5
The Lovely Bones

Triple Stumper
    $1000 25
Rasputin

Tara
    $3,000 30
(Tara: What is Cork?)
(Alex: No, I'm sorry. I thought the rhythm of the clue: "There once was a king named Richard I"... What is [*]?)

Limerick

Tara

Scores at the first commercial break (after clue 15):

Andy Tara Mags
$1,000 $3,400 -$200

Scores at the end of the Jeopardy! Round:

Andy Tara Mags
$1,600 $2,200 $3,600

Double Jeopardy! Round responses

OLD TV SHOWS BY EPISODE TITLE
(Alex: We'll give you the title.)
AT THE MUSEUM
SLOGANS
CRITTERATURE
(Alex: Wow, we've created a word!)
ON THE ISLAND
ON THE "MAIN" LAND
    $400 21
I Love Lucy

Mags
    $400 6
a submarine

Mags
    $400 1
balanced

Tara
    $400 16
The Old Man and the Sea

Andy
    $400 26
Etna

Tara
    $400 11
remainder

Andy
    $800 22
The Lone Ranger

Tara
    $800 7
(Andy) Warhol

Mags
    $800 2
a good deed

Tara
    $800 17
Animorphs

Triple Stumper
    $800 27
Emancipation Day

Triple Stumper
    $800 12
mainstream media

Mags
    $1200 23
Gunsmoke

Andy
    $1200 8
National Portrait Gallery

Mags
    $1,500 3
the Spanish Civil War

Tara
    $1200 18
the fox

Mags
    $1200 28
Chappaquiddick

Mags
    $1200 13
(Andy: What are remains?)

cremains

AndyTara
    $1600 24
The Honeymooners

Andy
    $1600 9
the Underground Railroad

Tara
    $1600 4
World's Fair

Andy
    $1600 19
Racing

Andy
    $1600 29
Sumatra

Mags
    $1600 14
legerdemain

Tara
    $2000 25
Leave It to Beaver

Mags
    $2000 10
Andersonville

Andy
    $2000 5
sunflowers

Triple Stumper
    $2,000 20
(Andy: Who is Dr. Jekyll?)

Dr. Moreau

Andy
    $2000 30
Luzon

Triple Stumper
    $2000 15
the main sequence

Triple Stumper

Scores at the end of the Double Jeopardy! Round:

Andy Tara Mags
$7,200 $10,500 $13,200

[wagering suggestions for these scores]

Final Jeopardy! Round responses

CELEBRITIES IN SONG LYRICS
(Alex: [To Andy] Yes, the Six Degrees of [*].)
AndyWho is Kevin Bacon?
$7,200
TaraWho is Kevin Bacon?
$7,000
MagsWho is ?
$7,801
Kevin Bacon

Final scores:

Andy Tara Mags
$14,400 $17,500 $5,399
2nd place: $2,000 New champion: $17,500 3rd place: $1,000

Game dynamics:

Coryat scores:

Andy Tara Mags
$9,200 $13,200 $13,200
11 R,
3 W
(including 1 DD)
19 R
(including 1 DD),
2 W
(including 1 DD)
18 R,
1 W

Combined Coryat: $35,600

[game clues] [game scores] [suggest correction]

Game tape date: Unknown
The J! Archive is created by fans, for fans. Scraping, republication, monetization, and malicious use prohibited; this site may use cookies and collect identifying information. See terms. The Jeopardy! game show and all elements thereof, including but not limited to copyright and trademark thereto, are the property of Jeopardy Productions, Inc. and are protected under law. This website is not affiliated with, sponsored by, or operated by Jeopardy Productions, Inc. Join the discussion at JBoard.tv.